England: a chronology and fact book, 1485-1973./ (Record no. 187277)
[ view plain ]
| 000 -LEADER | |
|---|---|
| fixed length control field | 00748 a2200229 4500 |
| 003 - CONTROL NUMBER IDENTIFIER | |
| control field | NUST |
| 005 - DATE AND TIME OF LATEST TRANSACTION | |
| control field | 20230131161745.0 |
| 010 ## - LIBRARY OF CONGRESS CONTROL NUMBER | |
| LC control number | 73017067 |
| 020 ## - INTERNATIONAL STANDARD BOOK NUMBER | |
| International Standard Book Number | 0379163063 |
| 040 ## - CATALOGING SOURCE | |
| Transcribing agency | Nust |
| 082 00 - DEWEY DECIMAL CLASSIFICATION NUMBER | |
| Classification number | 942,ENG |
| 100 1# - MAIN ENTRY--PERSONAL NAME | |
| Personal name | Vexler, Robert I. |
| 9 (RLIN) | 108306 |
| 245 10 - TITLE STATEMENT | |
| Title | England: a chronology and fact book, 1485-1973./ |
| Statement of responsibility, etc. | Compiled and edited by Robert I. Vexler. |
| 260 ## - PUBLICATION, DISTRIBUTION, ETC. | |
| Place of publication, distribution, etc. | Dobbs Ferry, N.Y., |
| Name of publisher, distributor, etc. | Oceana Publications, |
| Date of publication, distribution, etc. | 1974. |
| 300 ## - PHYSICAL DESCRIPTION | |
| Extent | v, 186 p. |
| Dimensions | 24 cm. |
| 490 0# - SERIES STATEMENT | |
| Series statement | World chronology series |
| 505 ## - FORMATTED CONTENTS NOTE | |
| Formatted contents note | Chronology (Page-1), Documents (Page-97), Bibliography (Page-167). |
| 650 ## - SUBJECT ADDED ENTRY--TOPICAL TERM | |
| Topical term or geographic name entry element | History |
| 651 #0 - SUBJECT ADDED ENTRY--GEOGRAPHIC NAME | |
| Geographic name | Great Britain |
| General subdivision | History |
| -- | Chronology. |
| 9 (RLIN) | 108307 |
| 651 #0 - SUBJECT ADDED ENTRY--GEOGRAPHIC NAME | |
| Geographic name | Great Britain |
| General subdivision | History |
| -- | Sources. |
| 9 (RLIN) | 108308 |
| 942 ## - ADDED ENTRY ELEMENTS (KOHA) | |
| Source of classification or shelving scheme | |
| Koha item type | Book |
| Call number prefix | 942,ENG |
| Withdrawn status | Lost status | Source of classification or shelving scheme | Damaged status | Not for loan | Permanent Location | Current Location | Shelving location | Date acquired | Full call number | Barcode | Date last seen | Price effective from | Koha item type | Public note |
|---|---|---|---|---|---|---|---|---|---|---|---|---|---|---|
| Military College of Signals (MCS) | Military College of Signals (MCS) | General Stacks | 12/12/2016 | 942,ENG | MCS21529 | 12/08/2016 | 12/12/2016 | Book | Almirah No.60, Shelf No.5 |
